International human rights in context: law, politics, morals. Text and materials

Salvato in:
Dettagli Bibliografici
Autori principali: Steiner, Henry J (Autore), Alston, Philip (Autore)
Natura: Libro
Lingua:inglese
Pubblicazione: Nueva York Oxford University 2000
Edizione:2a. ed
Soggetti:
Tags: Aggiungi Tag
Nessun Tag, puoi essere il primo ad aggiungerne!!

MARC

LEADER 00000nam a2200000 a 4500
001 UCL9099
003 CL-VaPUC
008 040723e20000000US |||||||||||||||||eng|d
020 |a 0198298498 
082 0 4 |a 323  |b STE  |2 21 
100 0 |a Steiner, Henry J  |e author  |9 486985 
700 0 |a Alston, Philip  |e author  |9 486986 
245 1 0 |a International human rights in context: law, politics, morals. Text and materials 
250 |a 2a. ed 
300 |a 1497 p 
942 |c BK 
945 |d 20040723 00:00:00  |a cmena 
260 |a Nueva York  |b Oxford University  |c 2000 
650 0 |a Derechos humanos  |9 223025 
650 0 |a Derecho internacional  |9 255637 
650 0 |a Derechos civiles y políticos   |9 338684 
650 0 |a Tratados internacionales   |9 256056 
583 |a last modification  |c 20040723 00:00:00  |k Rodrigo Vera 
999 |c 310068  |d 310066 
952 |0 0  |1 0  |4 0  |6 323_000000000000000_STE_2000  |7 0  |8 A  |9 378131  |a BIBDER  |b BIBDER  |d 2019-11-21  |i 4040422  |o 323 STE 2000  |p 4040422  |r 2023-01-25  |w 2019-11-21  |y BK  |k DER